| 000 | 00664nam a2200229Ia 4500 | ||
|---|---|---|---|
| 005 | 20250425162815.0 | ||
| 008 | 250425s9999 xx 000 0 und d | ||
| 020 | _a9780521602433 | ||
| 041 |
_z _heng |
||
| 082 |
_a551.6 _pNEE |
||
| 100 | _aNeelin, J. David | ||
| 245 | 0 |
_aClimate Change And Climate Modeling _cJ. David Neelin |
|
| 260 |
_aCambridge _bCambridge University Press _c2011 |
||
| 300 |
_a282 páginas _bIlustrado _c24.7 cm |
||
| 500 | _aTabla de contenido, Glosario, indice | ||
| 504 | _aReferencia bibliográfica | ||
| 650 | _aClimate Changes | ||
| 650 | _aClimatology | ||
| 902 |
_aMonográfico _cImpreso |
||
| 942 | _c01 | ||
| 010 | _a109390 | ||
| 999 |
_c236834 _d236834 |
||